Normal view
MARC view
- Moududi, Abul Alla
Entry Personal Name
001 - CONTROL NUMBER
- control field: 63146
003 - CONTROL NUMBER IDENTIFIER
- control field: NUST
005 - DATE AND TIME OF LATEST TRANSACTION
- control field: 20210628203052.0
008 - FIXED-LENGTH DATA ELEMENTS
- fixed length control field: 210628|| aca||aabn | a|a d
040 ## - CATALOGING SOURCE
- Original cataloging agency: NUST
- Transcribing agency: NUST
100 ## - HEADING--PERSONAL NAME
- Personal name: Moududi, Abul Alla
670 ## - SOURCE DATA FOUND
- Source citation: Work cat.: (NUST): Moududi, Abul Alla, Safar nama araz-ul-quran, 2006
